[Event "TUR-chT 2nd League"]
[Site "Konya"]
[Date "2019.07.24"]
[Round "4.14"]
[White "Eker, Mahmut"]
[Black "Yanikoglu, Omer"]
[Result "1-0"]
[WhiteElo "1651"]
[BlackElo "1665"]
[PlyCount "70"]
[EventDate "2019.07.22"]
[EventType "team-swiss"]
[EventRounds "9"]
[EventCountry "TUR"]
[SourceTitle "CBM 191 Extra"]
[Source "ChessBase"]
[SourceDate "2019.09.30"]
[SourceVersion "1"]
[SourceVersionDate "2019.09.30"]
[SourceQuality "1"]
[WhiteTeam "Mardin Kale"]
[BlackTeam "Gulbahcesi Egitim"]
[WhiteTeamCountry "TUR"]
[BlackTeamCountry "TUR"]

1. c4 Nf6 2. Nc3 e6 3. e4 d5 4. e5 Ne4 5. d4 Bb4 6. Nge2 dxc4 7. a3 Bxc3+ 8. Nxc3 Nxc3 9. bxc3 0-0 10. Qg4 f5 11. Qg3 c5 12. Bh6 Rf7 13. Rd1 Nc6 14. Bxc4 cxd4 15. 0-0 Kh8 16. Bg5 Qf8 17. cxd4 Ne7 18. Qb3 h6 19. Bc1 f4 20. Bxe6 Bxe6 21. Qxe6 f3 22. g3 Nc6 23. Rfe1 Rd8 24. Qg4 Rd5 25. Re4 Rf5 26. Rde1 Ne7 27. a4 Qe8 28. Be3 h5 29. Qh3 g6 30. g4 Rf8 31. gxh5 g5 32. Qe6 Nf5 33. Qxd5 Qxh5 34. Qc4 Nh6 35. d5 g4 1-0

[Event "Hatay op 10th"]
[Site "Hatay"]
[Date "2018.09.09"]
[Round "8"]
[White "Hatirli, Ugur Can"]
[Black "Eker, Mahmut"]
[Result "0-1"]
[WhiteElo "1608"]
[BlackElo "1624"]
[PlyCount "118"]
[EventDate "2018.09.02"]
[EventType "swiss"]
[EventRounds "9"]
[EventCountry "TUR"]
[SourceTitle "CBM 186 Extra"]
[Source "ChessBase"]
[SourceDate "2018.08.24"]
[SourceVersion "1"]
[SourceVersionDate "2018.08.24"]
[SourceQuality "1"]

1. d4 Nf6 2. Nf3 e6 3. c3 d5 4. Bg5 Be7 5. e3 Nbd7 6. Bd3 h6 7. Bh4 0-0 8. 0-0 c5 9. Nbd2 b6 10. Ne5 Nxe5 11. dxe5 Nd7 12. Bxe7 Qxe7 13. f4 f6 14. exf6 Nxf6 15. Nf3 Ng4 16. Qe2 c4 17. Bc2 Qc5 18. Nd4 e5 19. fxe5 Rxf1+ 20. Rxf1 Nxe5 21. Qf2 Bd7 22. Qf4 Qe7 23. e4 Nc6 24. Nxc6 Bxc6 25. exd5 Qc5+ 26. Qd4 Qxd4+ 27. cxd4 Bxd5 28. Rf5 Rd8 29. Re5 Bf7 30. Re7 Rxd4 31. Rxa7 g6 32. Ba4 Rd2 33. b3 Rxa2 34. bxc4 Bxc4 35. Ra8+ Kg7 36. Bc6 Rxa8 37. Bxa8 b5 38. Be4 Kf6 39. Kf2 g5 40. Ke3 Ke5 41. Bb1 Be6 42. g3 b4 43. Kf3 g4+ 44. Kg2 b3 45. Bd3 b2 46. Bb1 Bf5 47. Ba2 b1Q 48. Bxb1 Bxb1 49. h3 Bf5 50. hxg4 Bxg4 51. Kf2 Ke4 52. Kg2 Ke3 53. Kh1 Kf2 54. Kh2 h5 55. Kh1 Kxg3 56. Kg1 Bf3 57. Kf1 h4 58. Kg1 h3 59. Kf1 h2 0-1

[Event "Hatay op 10th"]
[Site "Hatay"]
[Date "2018.09.08"]
[Round "7"]
[White "Eker, Mahmut"]
[Black "Aslan, Lina"]
[Result "1-0"]
[WhiteElo "1624"]
[BlackElo "1544"]
[PlyCount "79"]
[EventDate "2018.09.02"]
[EventType "swiss"]
[EventRounds "9"]
[EventCountry "TUR"]
[SourceTitle "CBM 186 Extra"]
[Source "ChessBase"]
[SourceDate "2018.08.24"]
[SourceVersion "1"]
[SourceVersionDate "2018.08.24"]
[SourceQuality "1"]

1. c4 Nf6 2. Nc3 e6 3. a3 d5 4. cxd5 exd5 5. d4 c6 6. Bg5 Be7 7. e3 Nbd7 8. Bd3 0-0 9. Nge2 Re8 10. 0-0 Nf8 11. Ng3 Ng6 12. Rc1 Bd6 13. e4 h6 14. Bxf6 gxf6 15. exd5 cxd5 16. Qh5 Kg7 17. Nxd5 Bxg3 18. hxg3 Ne5 19. Nxf6 Qxf6 20. dxe5 Rxe5 21. Qf3 Qe7 22. Rxc8 Rxc8 23. Qg4+ Rg5 24. Qxc8 Rc5 25. Qg4+ Kh8 26. Rd1 Qg5 27. Qe4 Kg8 28. Re1 Qf6 29. Qxb7 a5 30. Re8+ Kg7 31. Qe4 Rc1+ 32. Kh2 Qg5 33. Qh7+ Kf6 34. Qh8+ Qg7 35. Qxg7+ Kxg7 36. Re2 Rc5 37. a4 Kf6 38. b3 Rc3 39. Bc4 Rc1 40. Re8 1-0

[Event "TUR-chT 2nd League"]
[Site "Konya"]
[Date "2017.07.21"]
[Round "7.15"]
[White "Selvi, Kaan"]
[Black "Eker, Mahmut"]
[Result "1/2-1/2"]
[WhiteElo "1826"]
[BlackElo "1664"]
[PlyCount "65"]
[EventDate "2017.07.17"]
[EventType "team-swiss"]
[EventRounds "9"]
[EventCountry "TUR"]
[SourceTitle "CBM 179 Extra"]
[Source "ChessBase"]
[SourceDate "2017.08.23"]
[SourceVersion "1"]
[SourceVersionDate "2017.08.23"]
[SourceQuality "1"]
[WhiteTeam "Ordu Gul Bahcesi"]
[BlackTeam "Antalya Deniz Genclik"]
[WhiteTeamCountry "TUR"]
[BlackTeamCountry "TUR"]

1. d4 Nf6 2. Nc3 e6 3. e4 d5 4. Bg5 dxe4 5. Nxe4 Be7 6. Bxf6 Bxf6 7. Nf3 Nd7 8. Bd3 c5 9. Nd6+ Ke7 10. Nxc8+ Rxc8 11. Be4 cxd4 12. Bxb7 Qa5+ 13. Nd2 Rb8 14. Be4 Bg5 15. b3 Nc5 16. Bd3 Nxd3+ 17. cxd3 Rb5 18. Qc2 Rc5 19. Qb2 Rhc8 20. b4 Bxd2+ 21. Qxd2 Re5+ 22. Kf1 Qa3 23. g3 Rb5 24. Rb1 Rc3 25. Kg2 Rxd3 26. Qe2 Rd5 27. Rhe1 Rc3 28. Qe4 Kd7 29. Qf4 Ke7 30. Qe4 Kd7 31. Qf4 Ke7 32. Qe4 Kd7 33. Qf4 1/2-1/2